| 000 | 00420cam a2200169 4500 | ||
|---|---|---|---|
| 001 | D12847 | ||
| 008 | 090401t1934 xxu||||| |||| 00| 0 eng d | ||
| 035 | _a(Sirsi) u6247 | ||
| 041 | _aeng | ||
| 100 | _aGott, Sir Charles | ||
| 245 | 4 | _aThe practical surveyor, auctioneer and estate agent | |
| 260 |
_aLondon _bIsaac Pitman and Sons _c1934 |
||
| 350 | _a0 | ||
| 520 | _aShelf 116 | ||
| 942 | _n0 | ||
| 948 | _c04/03/1997 | ||
| 999 |
_c86261 _d86261 |
||